Statistics for Random Venture Bros Characters Quiz

Click here to take the quiz!

General Stats

  • This quiz has been taken 8 times
  • The average score is 11 of 20

Answer Stats

Answer% Correct
Dean Venture
100%
Dermott Fictel
100%
Dr. Mrs. The Monarch
100%
Dr Orpheus
100%
Dr. Thaddeus "Rusty" Venture
100%
Helper
100%
Henchman 21
100%
Major Tom
100%
St Cloud
100%
The Alchemist
100%
The Sovereign
100%
Turnbuckle
100%
Venturestein
100%
Watch
100%
Wes Warhammer
100%
Wide Whale
100%
Brock Samson
75%
Speedy
75%
Action Man
67%
Hank Venture
67%
Red Death
67%
The Perfect Man
67%
Blue Morpho
50%
Brown Widow
50%
Ned
50%
Pirate Captain
50%
Wonderboy
50%
Brick Frog
33%
Force Majeur
33%
Ghost Robot
33%
Torrid
33%
Baron Werner Ünderbheit
0%
Dragoon
0%
Half Jackal
0%
Hunter Gathers
0%
Myra Brandish
0%
Ook Ook
0%
Radical Left
0%
Sgt Hatred
0%
Slap Chop
0%
Steppenwolf
0%
Swifty
0%
The Countess
0%
The Monarch
0%

Score Distribution

Percentile by Number Answered

Percent of People with Each Score

Your Score History

You have not taken this quiz